000 00667nam a2200217Ia 4500
003 GCL
008 140319s9999 xx 000 0 ara d
020 _a2638345977
040 _aGCL /
_cGCL
082 0 4 _a371.26
_bو م
100 1 _aويليامز ، ديانا
245 1 0 _aالمهارات البصرية المبكرة /
_cويليامز ، ديانا
250 _aالاولى
260 _aالقاهرة :
_bدار الفاروق للنشر والتوزيع ،
_c2004
300 _a224 ص ؛
_c24 سم
650 0 4 _aالادراك
650 0 4 _aالحواس
650 0 4 _aالمهارات البصرية
650 0 4 _aالبصر
942 _2ddc
_cBK
999 _c7221
_d7221